| 000 | 00932pam a2200277 i 4500 | ||
|---|---|---|---|
| 001 | 6209 | ||
| 003 | FISKH | ||
| 005 | 20250328111809.0 | ||
| 008 | 750319s1975 nyua j 000 1 eng | ||
| 010 | _a 75008971 | ||
| 020 |
_a0394831039. _c0394931033 lib. bdg. |
||
| 040 |
_aDLC _cDLC _dDLC _beng |
||
| 050 | _aPZ7.D1515 D | ||
| 082 | _a823.914 | ||
| 100 | 1 | _aDahl, Roald. | |
| 245 | 1 | 0 |
_aDanny, the champion of the world / _cRoald Dahl ; illustrated by Jill Bennett. |
| 250 | _aThis edition published in 2016 | ||
| 260 |
_aGreat Britain : _bPenguin Books, _c1975. |
||
| 300 |
_a214 pages : _billustrations ; _c20 cm |
||
| 520 | _aA young English boy describes his relationship with his father and the special adventure they share together. | ||
| 650 | 1 |
_aFathers and sons _xFiction. |
|
| 700 | 1 |
_aBennett, Jill, _d1934- |
|
| 906 |
_a7 _bcbc _corignew _d1 _eocip _f19 _gy-gencatlg |
||
| 942 |
_2ddc _cBK _n0 |
||
| 999 |
_c6209 _d6209 |
||